| 000 | nam a22 7a 4500 | ||
|---|---|---|---|
| 999 |
_c52191 _d52191 |
||
| 003 | OSt | ||
| 005 | 20220611144304.0 | ||
| 008 | 220611b xxu||||| |||| 00| 0 eng d | ||
| 040 | _cIIMT UNIVERSITY MEERUT | ||
| 100 | _aROY , HEMANT KUMAR | ||
| 245 | _aSHORT NOTES ON ANATOMY & PHYSIOLOGY | ||
| 250 | _a1 ST | ||
| 260 |
_aVARANASI _bCHAUKHAMBA _c2019 |
||
| 300 | _a184 | ||
| 942 |
_2ddc _c01 |
||